000 00622nam a22002530a 4500
001 PT31815
003 AR-LpoUNG
005 20210131225854.0
008 191001s1984||||ag |||||||||||||||||spa d
020 _a9500702495
_c$18.50
040 _aAR-LpoUNG
_bspa
_cAR-LpoUNG
_eaacr
041 _aspa
044 _aag
082 0 _aA863 832dia
100 1 _aAsís, Jorge
245 1 0 _aDiario de la Argentina :
_bserie Rivarola I
260 _aBuenos Aires :
_bSudamericana,
_c1984.
300 _a344 p. :
_btbls.
650 4 _aARGENTINA
650 4 _aLITERATURA
651 4 _aArgentina
905 _a31815
942 _cLIB
999 _c283
_d283